Bývanie v nových obytných útvaroch

Bibliographic Details
Main Author: Gajdoš, Peter, 1950-2021 (Author)
Format: Article
Language:Slovak
PhysicalDescription:Obr. 3., lit. 6 zázn. v slov., češ.
Subjects:

MARC

LEADER 00000nab a2200000 a 4500
001 vtls000232103
003 SK-MaSNL
005 20260304064839.0
008 250422c1985 xo 0 slo
015 |a SNBRB19rr/mm-uuuuu 
035 |a CL0242217 
035 |a urn:nbn:sk:snk-abbf47 
035 |a (urnnbn)urn:nbn:sk:snk:ar-006er3 
035 |a (uuid)51197e75-ce83-4cb0-95e8-f8306c41ee94 
040 |a SNKBUCL  |b slo  |c SNKBUCL  |e AACR2 
041 0 |a slo 
044 |a xo  |c SK 
080 |a 711.58:504.3  |2 1981 
080 |a 504.3  |2 1981 
100 1 |a Gajdoš, Peter,  |d 1950-2021  |4 aut  |9 218141 
245 1 0 |a Bývanie v nových obytných útvaroch  |c Peter Gajdoš 
300 |b Obr. 3., lit. 6 zázn. v slov., češ. 
650 0 7 |a súbory obytné  |2 snkbucl  |9 909515 
650 0 7 |a bývanie  |2 snkbucl  |9 1991 
655 7 |a články z novín a časopisov  |2 snkbucl  |9 267496 
773 0 |t Životné prostredie  |g Roč. 19, č. 5 (1985), s. 241-245 
850 |a Slovenská národná knižnica 
852 |a Slovenská národná knižnica 
954 |a odborná, vedecká literatúra pôvodná (slovenská)  |2 lita 
958 |a article15 
958 |a OND 
958 |a NB 
958 |a RK 
958 |a EUIPO 
992 |a RBX 
999 |c 2748244  |d 2750174